Stanovenie podnikových výrobných štruktúr na základe ich efektívnosti, pomocou výpočtovej techniky SPEV 903 529 305 - 05/05 : záverečná výskumná správa

Salvato in:
Dettagli Bibliografici
Autore principale: Masaryk, Ján
Altri autori: Medvecký, Jozef
Natura: Libro
Lingua:slovacco
Pubblicazione: Bratislava Výskumný ústav ekonomiky poľnohospodárstva a potravinárstva 1984
Tags: Aggiungi Tag
Nessun Tag, puoi essere il primo ad aggiungerne!!

MARC

LEADER 00000nam a2200000 4500
001 c106930
005 20221128071124.5
041 0 |a slo 
044 |a SK 
245 1 0 |a Stanovenie podnikových výrobných štruktúr na základe ich efektívnosti, pomocou výpočtovej techniky  |b SPEV 903 529 305 - 05/05 : záverečná výskumná správa  |c Ján Masaryk, Jozef Medvecký 
264 1 |a Bratislava  |b Výskumný ústav ekonomiky poľnohospodárstva a potravinárstva  |c 1984 
300 |a 49 s. 
100 1 |a Masaryk, Ján 
700 1 |a Medvecký, Jozef